UCSC Library OPAC

Markets, Globalization & Development Review: The Official Journal of the International Society of Markets and Development (Record no. 65602)

MARC details
000 -LEADER
fixed length control field 00530nam a2200157Ia 4500
008 - FIXED-LENGTH DATA ELEMENTS--GENERAL INFORMATION
fixed length control field 240729s9999 xx 000 0 und d
022 ## - INTERNATIONAL STANDARD SERIAL NUMBER
International Standard Serial Number 2473-4055
245 #0 - TITLE STATEMENT
Title Markets, Globalization & Development Review: The Official Journal of the International Society of Markets and Development
260 ## - PUBLICATION, DISTRIBUTION, ETC.
Place of publication, distribution, etc. United States
260 ## - PUBLICATION, DISTRIBUTION, ETC.
Name of publisher, distributor, etc. Editorial Board of MGDR
650 ## - SUBJECT ADDED ENTRY--TOPICAL TERM
Topical term or geographic name entry element Social sciences (General)
650 ## - SUBJECT ADDED ENTRY--TOPICAL TERM
Topical term or geographic name entry element Social Sciences
856 ## - ELECTRONIC LOCATION AND ACCESS
Uniform Resource Identifier <a href="https://doaj.org/toc/ec506edec4eb4a82b0b4467cca25f3c2">https://doaj.org/toc/ec506edec4eb4a82b0b4467cca25f3c2</a>
942 ## - ADDED ENTRY ELEMENTS (KOHA)
Source of classification or shelving scheme Dewey Decimal Classification
942 ## - ADDED ENTRY ELEMENTS (KOHA)
Koha item type DOAJ E-Journal
945 ## - LOCAL PROCESSING INFORMATION (OCLC)
a 1
b Madushi Gamage
c 1
d Madushi Gamage
Holdings
Withdrawn status Lost status Damaged status Not for loan Collection Home library Current library Shelving location Date acquired Total checkouts Date last seen Price effective from Koha item type
        DOAJ E-Journal UCSC Library UCSC Digital Library DOAJ E- Journal 29/07/2024   29/07/2024 29/07/2024 DOAJ E-Journal